000 00434nam a2200181Ia 4500
001 1815
005 20260306143756.0
008 260306t2020||||xx |||||||||||||| ||spa||
041 _aESP
082 _a155.5
_bG317
100 _aGarassini, María Elena,
_eAUT
245 0 _aDesarrollo positivo adolescente
260 _c2020
300 _ax, 127 páginas :
_c23 cm.
650 _aGEN
654 _aCPS
942 _cLIB
_dJUS
_fJUS
_2ddc
_n
999 _c1815
_d1815